Statistiques concernant Roys de France capétiens (2ème partie)

Cliquez ici pour prendre le quiz!

Statistiques générales

  • Ce quiz a été pris 20 fois
  • Le résultat moyen est 10 sur 11

Statistiques - réponses

Réponse% Correct
Charles VI
100%
Charles VII
100%
Charles VIII
100%
Jean II
100%
Louis XI
100%
Charles V
94%
Louis XII
94%
Philippe VI
89%
Charles IV
83%
Jean Ier
83%
Philippe V
78%

Distribution des résultats

Percentile par nombre de réponses

% des personnes avec chaque résultat

Votre développement - résultats

Vous n’avez pas pris ce quiz